header

The development of penitential prayer in Second Temple Judaism (Record no. 125019)

MARC details
000 -LEADER
fixed length control field 01677nam a2200397 a 4500
082 04 - DEWEY DECIMAL CLASSIFICATION NUMBER
Classification number 296.4/509014
245 04 - TITLE STATEMENT
Title The development of penitential prayer in Second Temple Judaism
260 ## - PUBLICATION, DISTRIBUTION, ETC. (IMPRINT)
Place of publication Atlanta :
Name of publisher Society of Biblical Literature,
Year of publication 2007.
300 ## - PHYSICAL DESCRIPTION
Number of Pages xvi, 281 p.
490 1# - SERIES STATEMENT
Series statement Early Judaism and its literature ;
Series statement Seeking the favor of God ;
650 #0 - SUBJECT ADDED ENTRY--TOPICAL TERM
Topical Term Worship in the Bible.
Topical Term Apocryphal books (Old Testament)
Topical Term Judaism
700 1# - ADDED ENTRY--PERSONAL NAME
Personal name Boda, Mark J.
Personal name Falk, Daniel K.
Personal name Werline, Rodney Alan,
856 40 - ELECTRONIC LOCATION AND ACCESS
Uniform Resource Identifier http://site.ebrary.com/lib/rucke/Doc?id=10210721

No items available.

© 2026 Rongo University
Contact us: librarian | system librarian | Rongo university